002030000a220007300045001000024000002450031000243000052000557730022001071 aRomerowski, Sylvain10aQue signifie le mot hesed? aVol. 40, Num. 1 (Enero, 1990), Páginas 89-1030 tVetus Testamentum